Tajné svety Pippy Leeovej

Bibliographic Details
Main Author: Miller, Rebecca, 1962- (Author)
Other Authors: Chovanová, Tamara, 1953- (Translator)
Format: Book
Language:Slovak
English
Published: Bratislava Ikar 2009
Edition:[1. vyd.]
Subjects:

MARC

LEADER 00000cam a2200000 a 4500
001 vtls009934272
003 SK-MaSNL
005 20260301171933.0
008 240318s2009 xo d 000 f slo
015 |a SNBA2010/01-00565 
020 |a 9788055119892  |q (viaz.) 
035 |a B25C5BA5-9327-4A13-B308-E74A59B28228 
035 |a urn:nbn:sk:snk-amk2c8 
035 |a urn:nbn:sk:snk-am0086uy 
040 |a SNK  |b slo  |c SNK  |e AACR2 
041 1 |a slo  |h eng 
044 |a xo  |c SK 
072 7 |a 821.111(73)-3  |x Americká próza  |2 konspekt 
080 |a 821.111(73)-31  |2 2001 
080 |a (0:82-31)  |2 2001 
100 1 |a Miller, Rebecca,  |d 1962-  |4 aut  |9 540579 
240 1 4 |a The private lives of Pippa Lee  |l Slovensky 
245 1 0 |a Tajné svety Pippy Leeovej  |c Rebecca Millerová ; [z anglického originálu preložila Tamara Chovanová] 
250 |a [1. vyd.] 
260 |a Bratislava  |b Ikar  |c 2009 
300 |a 221 s.  |c 21 cm 
655 7 |a americké romány  |2 SNKPH  |9 1174 
655 7 |a príbehy o ženách  |2 SNKPH  |9 473763 
700 1 |a Chovanová, Tamara,  |d 1953-  |4 trl  |9 85493 
919 |a 978-80-551-1989-2 
958 |a LX 
958 |a UP 
968 |b ENG  |d 821 
999 |c 831921  |d 833851 
952 |a SNK  |b SNK  |y PREZ  |7 0  |p 17A0630574  |o snkSC 136839 D1  |i snk2009/16331  |8 0  |0 0  |1 0  |4 0  |d 2009-09-10  |f 1  |l 0  |r 2026-02-24 03:41:43  |w 2026-02-24 
952 |a SNK  |b SNK  |y PREZ  |7 0  |p 17A0628425  |o snkSC 136839  |i snk2009/14706  |8 0  |0 0  |1 0  |4 0  |d 2009-08-11  |l 0  |r 2025-07-03 00:00:00  |w 2026-02-24